00423nam a22001457a 4500003000400000005001700004008004100021040002400062082001400086100001900100245007200119260004900191300002100240650001600261OSt20260427031249.0260427b |||||||| |||| 00| 0 eng d aDWCL - Main libcOC aFic. W583 aWhite,Helen C. aBird of fire : ba tale of st. francis of assisi /cHelen C. White  aNew York : bThe Macmillan Company, cc1958. a281 p. :c21 cm. a1. Fiction